Определение некоторых моно- и сесквитерпенов в растительном сырье и продуктах его переработки методом хромато-масс-спектрометрии: автореферат диссертации на соискание ученой степени кандидата химических наук; спец. 02.00.02

Detalhes bibliográficos
Autor principal: Нарчуганов А. Н. Антон Николаевич
Autor Corporativo: Сибирский федеральный университет (СФУ) Кафедра аналитической и органической химии
Outros Autores: Ефремов А. А. Александр Алексеевич (научный руководитель)
Resumo:Защита сост. 26.06.2013 г.
Idioma:russo
Publicado em: Томск, 2013
Assuntos:
Formato: Livro
KOHA link:https://koha.lib.tpu.ru/cgi-bin/koha/opac-detail.pl?biblionumber=241127

MARC

LEADER 00000nam0a2200000 4500
001 241127
005 20231101231807.0
035 |a (RuTPU)RU\TPU\book\262393 
090 |a 241127 
100 |a 20130702d2013 k y0rusy50 ca 
101 0 |a rus 
102 |a RU 
105 |a a dm 001zy 
200 1 |a Определение некоторых моно- и сесквитерпенов в растительном сырье и продуктах его переработки методом хромато-масс-спектрометрии  |e автореферат диссертации на соискание ученой степени кандидата химических наук  |e спец. 02.00.02  |f А. Н. Нарчуганов  |g Сибирский федеральный университет (СФУ), Кафедра аналитической и органической химии ; науч. рук. А. А. Ефремов 
210 |a Томск  |d 2013 
215 |a 20 с.  |c ил. 
300 |a Защита сост. 26.06.2013 г. 
320 |a Библиогр.: с. 19-20 (13 назв.). 
452 1 |0 (RuTPU)RU\TPU\book\259725  |t Определение некоторых моно- и сесквитерпенов в растительном сырье и продуктах его переработки методом хромато-масс-спектрометрии  |o автореферат диссертации на соискание ученой степени кандидата химических наук  |o спец. 02.00.02  |f А. Н. Нарчуганов  |g Сибирский федеральный университет (СФУ) ; науч. рук. А. А. Ефремов  |c Томск  |d 2013  |a Нарчуганов, Антон Николаевич 
606 1 |a Терпеноиды  |2 stltpush  |3 (RuTPU)RU\TPU\subj\60007 
606 1 |a Хромато-масс-спектрометрия  |2 stltpush  |3 (RuTPU)RU\TPU\subj\17646  |9 43228 
610 1 |a древесное сырье 
610 1 |a биологически активные вещества 
610 1 |a терпеновые соединения 
610 1 |a растительное сырье 
610 1 |a газохроматографический анализ 
610 1 |a сесквитерпены 
610 1 |a Сибирский регион 
610 1 |a монотерпены 
610 1 |a авторефераты диссертаций 
675 |a 547.59(04)  |v 3 
675 |a 549.51(04)  |v 3 
686 |a 02.00.02  |2 oksvnk 
700 1 |a Нарчуганов  |b А. Н.  |g Антон Николаевич 
702 1 |a Ефремов  |b А. А.  |g Александр Алексеевич  |4 727 
712 0 2 |a Сибирский федеральный университет (СФУ)  |b Кафедра аналитической и органической химии  |c (Красноярск)  |2 stltpush  |3 (RuTPU)RU\TPU\col\11098 
801 1 |a RU  |b 63413507  |c 20130702 
801 2 |a RU  |b 63413507  |c 20130906  |g RCR 
942 |c BK